[Event "Wch U12"]
[Site "Batumi"]
[Date "2022.09.21"]
[Round "6"]
[White "Sanjay, Vasu"]
[Black "Babkin, Kirill"]
[Result "1/2-1/2"]
[WhiteElo "1579"]
[BlackElo "1217"]
[PlyCount "88"]
[EventDate "2022.09.16"]
[EventType "swiss"]
[EventRounds "11"]
[EventCountry "GEO"]
[SourceTitle "EXT 2023"]
[Source "ChessBase"]
[SourceDate "2022.10.05"]
[SourceVersion "1"]
[SourceVersionDate "2022.10.05"]
[SourceQuality "1"]

1. e4 e6 2. d3 d5 3. Nd2 Nc6 4. Ngf3 Nf6 5. g3 dxe4 6. dxe4 e5 7. Bg2 Bc5 8. 0-0 a5 9. Qe2 0-0 10. Re1 Qe7 11. Nf1 Bg4 12. c3 Rfd8 13. h3 Be6 14. Kh1 Qd7 15. Ng5 h6 16. Nxe6 Qxe6 17. g4 Qd6 18. Be3 Bxe3 19. Nxe3 Ne7 20. Qf3 c6 21. h4 Nh7 22. Qg3 Ng6 23. Nf5 Qd3 24. Re3 Qc2 25. g5 Rd1+ 26. Rxd1 Qxd1+ 27. Kh2 hxg5 28. Bf3 gxh4 29. Nxh4 Qd6 30. Nf5 Qf6 31. Bg4 Rd8 32. Qg1 Nf4 33. Rg3 Rd3 34. Bf3 g6 35. Qh1 Ng5 36. Ne3 Rd2 37. Ng4 Qh8+ 38. Kg1 Nxf3+ 39. Qxf3 Rd3 40. Ne3 Qf6 41. Qg4 Qe6 42. Qxe6 Nxe6 43. Nc4 Rxg3+ 44. fxg3 a4 1/2-1/2